| 000 | 01545nam a2200409 i 4500 | ||
|---|---|---|---|
| 001 | 197681 | ||
| 003 | ES-MaACL | ||
| 005 | 20250708165704.0 | ||
| 007 | ta | ||
| 008 | 160201s2015 sp a | |||| 000 0 spa | ||
| 015 | _aMON15 | ||
| 017 |
_aM 36492-2015 _bOficina Depósito Legal Madrid |
||
| 020 | _a9788460830610 | ||
| 035 | _a(OCoLC)943664152 | ||
| 035 | _a(SpMaBN)a5747572 | ||
| 035 | _a991055069939708606 | ||
| 040 |
_aSpMaBN _bspa _cSpMaBN _erdc |
||
| 080 | _a39(460.287 Daimiel) | ||
| 080 | _a94(460.287 Daimiel) | ||
| 100 | 1 |
_aGarcía-Velasco, Santos, _d1947- _eaut _9241093 |
|
| 245 | 1 | 0 |
_aEstudios daimieleños / _cSantos García-Velasco |
| 260 |
_a[Madrid] : _bS. García-Velasco, _c2015 |
||
| 300 |
_a528 p., [7] p. de lám. col. y n. ; _c23 cm |
||
| 336 |
_aTexto (visual) _2isbdcontent |
||
| 337 |
_asin mediación _2isbdmedia |
||
| 338 |
_2rdacarrier _avolumen |
||
| 500 | _aIncluye apéndice documental | ||
| 504 | _aIncluye referencias bibliográficas | ||
| 651 | 7 |
_aDaimiel- _xUsos y costumbres _2embne _9241094 |
|
| 651 | 7 |
_aDaimiel- _xHistoria _2embne _9241095 |
|
| 852 |
_aES-MaACL _cDEPO1 _jA-15763 _hDonación: Centro de Información Documental de Archivos _xEncuadernación cartoné _9206110 |
||
| 914 |
_aCentro de Información Documental de Archivos _ednr |
||
| 942 |
_n0 _cMONOGRAFIA |
||
| 999 |
_c197681 _d197681 |
||